000 00350cam a2200145ua 4500
041 _aeng
_h
082 _a523.1
_bJEA/MY
100 _aJeans, James O M .
245 _aMysterious universe /
_cJames O M Jeans.
_hTextual Documents
260 _aLondon :
_bLongman ,
_c1964.
300 _a86 ; .
504 _a
942 _cBK
999 _c10894
_d10894